[Event "NOR-chB"]
[Site "Stavanger"]
[Date "2005.07.02"]
[Round "1"]
[White "Glesnes, Ivar Magne"]
[Black "Svendsen, Morten Andre"]
[Result "0-1"]
[WhiteElo "680"]
[BlackElo "977"]
[PlyCount "46"]
[EventDate "2005.07.01"]
[EventType "swiss"]
[EventRounds "9"]
[EventCountry "NOR"]
[SourceTitle "CBM 107 Extra"]
[Source "ChessBase"]
[SourceDate "2005.09.01"]
[SourceVersion "1"]
[SourceVersionDate "2005.09.01"]
[SourceQuality "1"]

1. e4 e6 2. Nf3 d5 3. exd5 exd5 4. Be2 Nf6 5. 0-0 Bd6 6. d4 h6 7. Re1 0-0 8. Ne5 c5 9. c3 Nc6 10. Bf3 Qc7 11. Bf4 Re8 12. Nxc6 Rxe1+ 13. Qxe1 bxc6 14. Bxd6 Qxd6 15. Qe3 Bg4 16. dxc5 Qc7 17. Nd2 Re8 18. Qd4 Bxf3 19. Nxf3 Re4 20. Qd2 Rg4 21. Re1 Ne4 22. Qc2 Qf4 23. Qa4 Qxf3 0-1

[Event "Hordaland-ch"]
[Site "Sotra"]
[Date "2005.04.09"]
[Round "2"]
[White "Salomonsen, Rune"]
[Black "Glesnes, Ivar Magne"]
[Result "1-0"]
[WhiteElo "1768"]
[BlackElo "607"]
[PlyCount "41"]
[EventDate "2005.04.08"]
[EventType "swiss"]
[EventRounds "5"]
[EventCountry "NOR"]
[SourceTitle "EXT 2007"]
[Source "ChessBase"]
[SourceDate "2006.11.23"]
[SourceVersion "1"]
[SourceVersionDate "2006.11.23"]
[SourceQuality "1"]

1. e4 e5 2. Nf3 Nc6 3. Bb5 d6 4. 0-0 Nf6 5. Re1 Be7 6. c3 a6 7. Ba4 b5 8. Bb3 Na5 9. Bc2 c5 10. d4 exd4 11. cxd4 c4 12. Bg5 d5 13. Nc3 Bb7 14. Bxf6 Bxf6 15. exd5+ Be7 16. Qe2 Ra7 17. Ng5 h6 18. Qh5 Bxd5 19. Re5 Qc7 20. Nxd5 Qd6 21. Nxf7 1-0

[Event "Sotra Kretsmesterskap"]
[Site "Sotra"]
[Date "2003.03.02"]
[Round "4"]
[White "Glesnes, Ivar Magne"]
[Black "Finjord, Ingjald"]
[Result "0-1"]
[WhiteElo "578"]
[BlackElo "1547"]
[PlyCount "92"]
[EventDate "2003.02.??"]
[EventType "swiss"]
[EventRounds "5"]
[EventCountry "NOR"]
[SourceTitle "EXT 2005"]
[Source "ChessBase"]
[SourceDate "2004.11.15"]
[SourceVersion "1"]
[SourceVersionDate "2004.11.15"]
[SourceQuality "1"]

1. e4 e6 2. Nf3 d5 3. exd5 exd5 4. d4 Bd6 5. Nc3 c6 6. Bd3 Ne7 7. Bd2 Bf5 8. Be2 Nd7 9. Qc1 Nf6 10. Bf4 0-0 11. Bxd6 Qxd6 12. 0-0 c5 13. Qd2 Ng6 14. Rfe1 a6 15. Bd3 Bxd3 16. Qxd3 c4 17. Qf5 Rfe8 18. Ne5 Re7 19. Re2 Rae8 20. Rae1 Qb6 21. Nf3 Rxe2 22. Rxe2 Rxe2 23. Nxe2 Qxb2 24. Kf1 Qxa2 25. Qc8+ Nf8 26. Qxb7 Qxc2 27. Qxa6 Qd1+ 28. Ne1 Ne4 29. f3 Nd2+ 30. Kf2 Nb3 31. Qd6 Nxd4 32. Qe5 Qxe2+ 33. Qxe2 Nxe2 34. Kxe2 d4 35. Kd2 f5 36. Kc2 Kf7 37. Kb2 Ke6 38. Nc2 Kd5 39. Nb4+ Kc5 40. Na6+ Kb5 41. Nc7+ Kc6 42. Na6 Ne6 43. Nb4+ Kc5 44. Na6+ Kb5 45. Nb8 Nc5 46. Kc2 Kb6 0-1

[Event "Sotra Kretsmesterskap"]
[Site "Sotra"]
[Date "2003.02.28"]
[Round "1"]
[White "Agustsson, Hafsteinn"]
[Black "Glesnes, Ivar Magne"]
[Result "1-0"]
[WhiteElo "1567"]
[BlackElo "578"]
[PlyCount "55"]
[EventDate "2003.02.??"]
[EventType "swiss"]
[EventRounds "5"]
[EventCountry "NOR"]
[SourceTitle "EXT 2005"]
[Source "ChessBase"]
[SourceDate "2004.11.15"]
[SourceVersion "1"]
[SourceVersionDate "2004.11.15"]
[SourceQuality "1"]

1. e4 e5 2. Nf3 Nc6 3. Bb5 d6 4. c3 Nf6 5. 0-0 Nxe4 6. d4 Bd7 7. Re1 Nf6 8. dxe5 dxe5 9. Nxe5 Be7 10. Nxd7 Nxd7 11. Qe2 0-0 12. Bxc6 bxc6 13. Qxe7 Re8 14. Qxe8+ Qxe8 15. Rxe8+ Rxe8 16. Be3 Nb6 17. Nd2 a6 18. Kf1 Nd5 19. Re1 h6 20. c4 Nb4 21. a3 Nc2 22. Re2 Nxe3+ 23. Rxe3 Rxe3 24. fxe3 Kf8 25. Ke2 Ke7 26. Ne4 f5 27. Nc5 a5 28. Nb3 1-0

[Event "Sotra Varturneringen"]
[Site "Sotra"]
[Date "2002.05.23"]
[Round "9"]
[White "Woldseth, Ole"]
[Black "Glesnes, Ivar Magne"]
[Result "1-0"]
[WhiteElo "1767"]
[BlackElo "547"]
[PlyCount "61"]
[EventDate "2002.01.??"]
[EventType "swiss"]
[EventRounds "10"]
[EventCountry "NOR"]
[SourceTitle "EXT 2006"]
[Source "ChessBase"]
[SourceDate "2005.11.24"]
[SourceVersion "1"]
[SourceVersionDate "2005.11.24"]
[SourceQuality "1"]

1. d4 d5 2. c4 e6 3. Nc3 Bb4 4. a3 Bxc3+ 5. bxc3 dxc4 6. Qa4+ Nc6 7. e4 Bd7 8. Qxc4 Nf6 9. Bd3 0-0 10. Bg5 e5 11. Nf3 Be6 12. d5 Bxd5 13. exd5 Qxd5 14. Bxf6 Qxc4 15. Bxc4 gxf6 16. 0-0 Rad8 17. Rfd1 Rfe8 18. Nh4 Re7 19. Rxd8+ Nxd8 20. Rd1 Re8 21. Rd7 c6 22. Nf5 Kf8 23. Nd6 b5 24. Bb3 Re7 25. Rxd8+ Kg7 26. Nf5+ Kg6 27. Bc2 Kg5 28. g3 Kg4 29. Kg2 Rb7 30. Rg8+ Kh5 31. Bd1# 1-0

[Event "Sotra Varturneringen"]
[Site "Sotra"]
[Date "2002.02.21"]
[Round "4"]
[White "Dyroy, John"]
[Black "Glesnes, Ivar Magne"]
[Result "1-0"]
[WhiteElo "1208"]
[BlackElo "547"]
[PlyCount "43"]
[EventDate "2002.01.??"]
[EventType "swiss"]
[EventRounds "10"]
[EventCountry "NOR"]
[SourceTitle "EXT 2006"]
[Source "ChessBase"]
[SourceDate "2005.11.24"]
[SourceVersion "1"]
[SourceVersionDate "2005.11.24"]
[SourceQuality "1"]

1. e4 e5 2. Nf3 Nc6 3. Bc4 Qe7 4. Nc3 h6 5. Nd5 Qd8 6. d4 exd4 7. Nxd4 Nf6 8. 0-0 Bc5 9. Nxc6 bxc6 10. Nxf6+ Qxf6 11. e5 Qe7 12. a3 0-0 13. b4 Bb6 14. Bf4 Rd8 15. Qf3 Bb7 16. Qg3 Kf8 17. Bd3 c5 18. Bh7 Ke8 19. Qxg7 d6 20. exd6 cxd6 21. Rae1 Be4 22. Bxe4 1-0